[Event "Portugal Open 2020"]
[Site "Lisbon"]
[Date "2020.01.29"]
[Round "6.40"]
[White "Monteiro, Jose Macedo"]
[Black "Tscharotschkin, Michael"]
[Result "0-1"]
[WhiteElo "1881"]
[BlackElo "2156"]
[Annotator "TA"]
[PlyCount "98"]
[EventDate "2020.01.25"]
[EventType "swiss"]
[EventCountry "POR"]
[SourceTitle "playchess.com"]
[Source "ChessBase"]
[SourceQuality "1"]

{[%evp 9,98,8,31,18,16,1,14,12,10,10,18,15,32,5,12,0,0,-28,-35,-41,0,-232,-253,-202,-177,-170,-160,-162,-161,-167,-173,-160,-62,-177,-165,-168,-140,-232,-170,-453,-297,-299,-273,-273,-141,-133,-136,-143,-135,-139,-133,-125,-125,-116,-84,-80,-56,-57,-62,-54,-54,-54,-52,-58,-58,-66,-73,-73,-64,-126,-129,-123,-140,-634,-623,-618,-597,-29977,-29978,-29981,-29982,-29983,-29984,-29984,-29985,-29984,-29985,-29985,-29986,-29989,-29990]} 1. e4 e6 2. d4 d5 3. Nc3 Bb4 4. exd5 exd5 5. Bd3 c6 6. a3 {C01: French: Exchange Variation} (6. Qf3 Qf6 7. Bf4 Ne7 8. Qg3 Nd7 9. Nf3 Ng6 10. Bc7 Ndf8 11. a3 Be7 12. O-O-O Ne6 13. Bd6 Bxd6 14. Qxd6 Qf4+ 15. Qxf4 Nexf4 {½-½ (42) Harikrishna,P (2730)-Rapport,R (2738) Prague 2019}) 6... Bd6 7. h3 Qf6 8. Nf3 {The position is equal.} h6 9. O-O Ne7 10. Re1 $146 ({Predecessor:} 10. Be3 Bf5 11. Bxf5 Nxf5 12. Qd2 Nd7 13. Ne2 O-O {1-0 (29) Kucherova,L (2231)-Sukhareva,M (2027) Kazan 2003}) 10... Be6 11. Ne5 Nd7 {[%cal Rd7e5]} 12. Qe2 g5 13. Bd2 h5 14. Qe3 Rg8 15. g4 $2 {[#]} (15. Na4 $11) 15... hxg4 $19 16. hxg4 Qh8 17. Kg2 Bxe5 18. Rh1 Qf6 19. dxe5 Nxe5 20. f3 Nxd3 (20... O-O-O $17 21. Qf2 N7g6 22. Bxg6 Nxg6) 21. Qxd3 {[#]} (21. cxd3 $15 d4 22. Ne4 {[%mdl 64] Double Attack}) 21... Ng6 $1 22. Rae1 O-O-O 23. Na4 (23. Rh5 $17) 23... Rh8 {Hoping for ...Nh4+.} 24. Kg3 $2 (24. Nc5 {was called for.}) 24... Rxh1 25. Rxh1 d4 26. Qe4 Bd5 ({Black should try} 26... Ne5 $19 {Strongly threatening ...Nxf3!} 27. Rh5 Rg8) 27. Qf5+ $17 Qxf5 28. gxf5 Ne5 29. Bxg5 Rg8 ({Much worse is} 29... Bxf3 $6 30. Re1 $11) 30. Kf4 Nxf3 31. Bf6 b6 32. b4 Re8 {Threatens to win with ...Re4+.} 33. Rh8 $1 {[%cal Rh8e8]} Rxh8 34. Bxh8 $15 {[%mdl 4096] Endgame KBN-KBN} Ne1 35. Bxd4 Nxc2 36. Bb2 $1 Ne1 37. Bc3 Ng2+ 38. Ke5 Ne3 39. Bd4 ({White should play} 39. Nb2 $1 $15) 39... Nc4+ $17 40. Kf6 Nxa3 41. Bxb6 $2 {[%mdl 8192]} (41. Nc3 $17 Bb3 42. Ne4) 41... axb6 $19 42. Nxb6+ Kc7 43. Nxd5+ cxd5 {Black mates.} 44. Kxf7 {KN-KPP} d4 45. Ke6 Nb5 46. f6 Nd6 47. b5 d3 48. b6+ Kc6 49. b7 Nxb7 {Accuracy: White = 29%, Black = 56%.} 0-1

[Event "Portugal Open 2020"]
[Site "Lisbon"]
[Date "2020.01.29"]
[Round "6.41"]
[White "Santos, Antonio P"]
[Black "Figueiredo, Mario"]
[Result "1-0"]
[WhiteElo "2152"]
[BlackElo "1939"]
[Annotator "TA"]
[PlyCount "57"]
[EventDate "2020.01.25"]
[EventType "swiss"]
[EventCountry "POR"]
[SourceTitle "playchess.com"]
[Source "ChessBase"]
[SourceQuality "1"]

{[%evp 9,57,85,90,74,108,102,115,78,121,69,77,58,71,47,53,37,34,27,29,39,35,39,168,170,187,140,234,256,261,261,262,244,254,252,334,350,350,356,515,526,558,548,855,846,29980,29981,29992,29993,29996,29997]} 1. d4 c5 2. d5 e5 3. c4 d6 4. e4 Nf6 5. Nc3 Be7 6. a3 {A56: Czech Benoni} h5 $146 ({Predecessor:} 6... O-O 7. Bd3 Ne8 8. h4 Nc7 9. Qf3 b5 10. cxb5 a6 11. bxa6 Bxa6 12. Nge2 Bxd3 13. Qxd3 Nca6 {1-0 (25) Popov,V (2570)-Smirnov,A (2454) St Petersburg 2009}) 7. h3 h4 8. Be3 {White is better.} Nbd7 9. Qd2 (9. Be2 $16) 9... Nf8 10. b4 b6 $1 11. bxc5 bxc5 12. Rb1 Ng6 13. Bd3 Nh5 14. Nge2 O-O 15. O-O f5 {[#]} (15... Qc7 $14) 16. exf5 $1 $18 Bxf5 17. Rb7 Bxd3 (17... Qc8 $16 18. Rfb1 Nhf4 19. Bxf5 (19. Nxf4 exf4 20. Bxc5 Qxc5 $17) 19... Qxf5) 18. Qxd3 Ngf4 19. Bxf4 Nxf4 20. Nxf4 Rxf4 21. Qg6 Rf6 22. Qg4 Rh6 23. Rfb1 Qf8 (23... Bf8 {was worth a try.} 24. Ne4 Qe8) 24. Rd7 Re8 25. Rbb7 Bf6 26. Ne4 Rh7 27. Nxd6 {White mates.} e4 28. Nxe8 Qxe8 29. Qe6+ {Accuracy: White = 52%, Black = 38%.} 1-0

[Event "Portugal Open 2020"]
[Site "Lisbon"]
[Date "2020.01.29"]
[Round "6.42"]
[White "Terwagne, Bertrand"]
[Black "Garcia Dorado, Alberto"]
[Result "0-1"]
[WhiteElo "1796"]
[BlackElo "2152"]
[Annotator "TA"]
[PlyCount "26"]
[EventDate "2020.01.25"]
[EventType "swiss"]
[EventCountry "POR"]
[SourceTitle "playchess.com"]
[Source "ChessBase"]
[SourceQuality "1"]

{[%evp 16,64,25,18,31,0,0,0,0,0,0,-1,-8,0,0,-9,0,0,0,0,0,-3,16,-39,-4,-8,0,-5,0,-16,0,0,0,-102,-14,-18,-22,-58,-45,-142,-136,-353,-104,-228,-193,-475,-470,-452,-344,-328,-290]} 1. Nf3 d5 2. d4 Nf6 3. c4 e6 4. g3 dxc4 5. Bg2 Nc6 6. Qa4 Bb4+ 7. Bd2 Nd5 8. Bxb4 Ndxb4 9. Ne5 {[%cal Re5c6]} O-O {E04: Open Catalan: 5 Nf3} 10. Bxc6 (10. Nxc6 Nxc6 11. e3 e5 12. d5 Ne7 13. Qxc4 c6 14. dxc6 Nxc6 15. Nc3 Be6 16. Qb5 Qb6 17. Qxb6 axb6 {½-½ (31) Wojtaszek,R (2744)-Mamedyarov,S (2814) Shamkir 2018}) 10... Nxc6 11. Nxc6 bxc6 {The position is equal.} 12. Qxc4 Rb8 13. b3 Qd6 {Played: Bc8-a6} 0-1

[Event "Portugal Open 2020"]
[Site "Lisbon"]
[Date "2020.01.30"]
[Round "7.1"]
[White "Motylev, Alexander"]
[Black "Indjic, Aleksandar"]
[Result "1/2-1/2"]
[WhiteElo "2640"]
[BlackElo "2622"]
[Annotator "TA"]
[PlyCount "95"]
[EventDate "2020.01.25"]
[EventType "swiss"]
[EventCountry "POR"]
[SourceTitle "playchess.com"]
[Source "ChessBase"]
[SourceQuality "1"]

{[%evp 12,95,58,-3,17,12,2,0,31,0,0,20,13,-1,9,-10,14,0,0,-4,0,0,0,0,0,-68,0,-13,0,-24,0,-8,4,0,0,-10,0,-8,-2,-9,-1,-14,0,-6,-1,-40,-32,-53,-49,-22,-24,-143,-152,-102,-102,-149,-165,-136,-141,-144,-98,-195,-190,-204,-33,-310,-329,-316,-332,-329,-325,-322,0,0,0,0,0,0,0,0,0,0,0,0,0,0]} 1. e4 c5 2. Nf3 Nf6 3. e5 Nd5 4. Nc3 e6 5. Nxd5 exd5 6. d4 Nc6 7. Bd3 (7. dxc5 $14 Bxc5 8. Qxd5) 7... d6 {B29: Sicilian: 2 Nf3 Nf6 (Nimzowitsch Variation).} 8. O-O dxe5 9. Nxe5 Nxe5 10. dxe5 {[#]} (10. Re1 $5 {[%cal Rd3b5]} Be6 11. Rxe5 $11) 10... c4 $146 ({Predecessor:} 10... Qb6 11. c3 Bd7 12. Qe2 Be7 13. Be3 d4 14. cxd4 cxd4 15. Bd2 O-O 16. f4 Bf5 {1-0 (31) Swinkels,R (2499)-Kuling,L (2205) Venlo 2009}) 11. Be2 Bc5 12. b3 Be6 13. Bf3 cxb3 14. cxb3 O-O 15. Qe2 Qb6 16. Rd1 Rfd8 17. Bb2 a5 18. Bc3 (18. Rab1 $11) 18... Rac8 ({Black should play} 18... d4 $15 19. Be1 g6) 19. Rac1 Rc6 20. Bb2 Be7 21. Qe3 Qc7 22. g3 h6 (22... Rc8 {with more complications.} 23. Qd3 h6 24. h4 Bb4 25. Rb1 Bc5) 23. h4 Qd7 24. Rxc6 (24. Qa7 {keeps more tension.} Bg4 25. Bxg4 Qxg4 26. Qd4 Qe6 27. Kh2) 24... bxc6 25. Bd4 Bb4 26. Bc5 Rb8 27. Rc1 Rb5 28. Bd4 Ba3 29. Rd1 c5 $36 {[%mdl 2048] White is under pressure.} 30. Bc3 d4 31. Qe2 (31. Qe4 $11 {keeps the balance.}) 31... a4 $1 $17 32. bxa4 Rb8 33. a5 Qa7 $1 {[%mdl 1024] Black has strong compensation.} 34. Be1 c4 35. Qe4 d3 36. h5 (36. Bg4 $17 Qd7 37. Bxe6 Qxe6 38. Bc3) 36... Bc5 $1 $19 37. Bg4 Qa6 $2 (37... Rb2 $19 38. Rd2 c3 39. Rxd3 c2) 38. Rc1 $2 {[%mdl 8192]} (38. Bc3 $15) 38... Rb2 39. Bxe6 Qxe6 40. Rxc4 Re2 41. Qa8+ {[#]} Kh7 $2 (41... Bf8 $1 $19 42. Re4 {[#]} d2 $1 {[%mdl 512]} 43. Bxd2 Rxd2) 42. Rxc5 $11 {And now Rc8 would win.The position is equal.} Rxe1+ {[%mdl 4096] Endgame KQR-KQR} 43. Kg2 {Strongly threatening Rc8.} d2 44. Rc8 $1 {[%csl Ga8][%cal Rc8h8] [#]} Rg1+ $1 {[%mdl 512]} 45. Kh2 {[%csl Ga8][%cal Rc8h8]} (45. Kxg1 d1=Q+) 45... Qxc8 46. Qxc8 {White threatens Qc2+ and mate.} d1=Q {White must now prevent ...Rh1+.} (46... Rc1 $5 47. Qf5+ $8 Kg8 $11) 47. Qf5+ {[%mdl 64] Double Attack} Kg8 {...Rh1+ is the strong threat.} (47... Kh8 $5 48. Qc8+ $8 Kh7 49. Qf5+ {[%mdl 64] Double Attack} Kh8 50. Qc8+ Kh7 $11) 48. Qc8+ {Accuracy: White = 75%, Black = 86%.} 1/2-1/2

[Event "Portugal Open 2020"]
[Site "Lisbon"]
[Date "2020.01.30"]
[Round "7.2"]
[White "Tari, Aryan"]
[Black "Asadli, Vugar"]
[Result "1/2-1/2"]
[WhiteElo "2635"]
[BlackElo "2538"]
[Annotator "TA"]
[PlyCount "75"]
[EventDate "2020.01.25"]
[EventType "swiss"]
[EventCountry "POR"]
[SourceTitle "playchess.com"]
[Source "ChessBase"]
[SourceQuality "1"]

{[%evp 15,75,12,12,12,12,12,12,12,12,12,12,12,12,12,12,12,12,12,12,12,12,12,12,12,12,5,35,5,5,-18,0,-30,22,0,10,0,26,12,24,16,10,6,13,6,6,0,0,-18,-9,-10,0,0,0,0,0,-106,-112,-90,-97,-58,0,-16]} 1. e4 e6 2. d4 d5 3. Nc3 Bb4 4. e5 c5 5. a3 Bxc3+ 6. bxc3 Qa5 7. Bd2 Qa4 8. Qb1 c4 9. Ne2 {C18: French: 3 Nc3 Bb4: Main line: 7 h4 and 7 Qg4} Nc6 10. Nf4 Nge7 11. Nh5 Rg8 12. g3 Bd7 13. Bg2 O-O-O 14. O-O Rdf8 15. Re1 {[#]} Nf5 $146 ({Predecessor:} 15... b6 16. Qd1 Kb7 17. Ra2 Nf5 18. Bh3 Nce7 19. Qf3 Qa5 20. Qd1 Ba4 21. Qe2 Qb5 {1-0 (49) Pino Munoz,F (2305)-Salewski,B (2315) ICCF email 2013}) 16. Qb2 b6 17. Re2 Kb7 18. Rf1 Ka6 19. Rfe1 Bc8 20. Bh3 Bd7 21. Nf4 {next Bxf5 is good for White.} Nfe7 22. g4 Bc8 23. Kh1 (23. Bg2 {is interesting.} Ng6 24. Nh5 Nh4 25. Bh1 f5 26. exf6 gxf6 27. h3) 23... Bd7 (23... Ng6 $142) 24. Qc1 Bc8 25. Rf1 Bd7 26. f3 Bc8 27. Be1 Bd7 28. Bg3 Qa5 29. Qd2 g6 (29... Qxa3 $2 30. Ree1 $18) 30. Ng2 h6 (30... Qxa3 $2 31. Ree1 $18) 31. Ne3 Rh8 ({Wrong is} 31... Qxa3 $2 32. Ree1 $18) 32. Bg2 h5 {[#] And now ...h4 would win.} ({Don't blunder} 32... Qxa3 $2 33. Ree1 $18) 33. Bf4 f6 ({Don't go for} 33... Qxa3 $2 34. Ree1 $18) 34. exf6 Rxf6 35. Be5 (35. Bg5 $11 Rf7 36. Ree1) 35... Nxe5 $17 36. dxe5 Rf4 37. Nf5 Nxf5 38. Qxf4 {Accuracy: White = 89%, Black = 86%.} 1/2-1/2

[Event "Portugal Open 2020"]
[Site "Lisbon"]
[Date "2020.01.30"]
[Round "7.3"]
[White "Petrov, Nikita"]
[Black "Grigoryan, Karen H."]
[Result "1/2-1/2"]
[WhiteElo "2592"]
[BlackElo "2632"]
[Annotator "TA"]
[PlyCount "42"]
[EventDate "2020.01.25"]
[EventType "swiss"]
[EventCountry "POR"]
[SourceTitle "playchess.com"]
[Source "ChessBase"]
[SourceQuality "1"]

{[%evp 12,42,12,0,16,10,14,17,30,22,27,27,17,20,27,9,27,18,43,40,42,34,47,50,44,43,66,31,24,0,56,0,29]} 1. e4 e5 2. Nf3 Nc6 3. Bc4 Nf6 4. d3 Bc5 5. c3 d6 6. Nbd2 {[%cal Bb1d2,Bd2f1,Bf1g3][%mdl 32]} O-O 7. Nf1 h6 {C54: Giuoco Piano: 4 c3 Nf6, main lines with 5 d4 and 5 d3} 8. Ng3 a5 9. O-O {[#]} Ba7 $146 ({Predecessor:} 9... Re8 10. h3 Be6 11. Bb5 Bd7 12. Re1 Ne7 13. Bxd7 Qxd7 14. d4 exd4 15. cxd4 Bb6 {0-1 (43) Duda,J (2737)-Grischuk,A (2766) chess.com INT 2018}) 10. h3 Be6 11. Bb5 Ne7 12. d4 Ng6 13. Re1 c6 14. Bd3 Qc7 15. Be3 Rfe8 16. a4 Bb6 17. Qc2 Rad8 18. Rad1 Bc8 19. Qb3 Be6 20. Qc2 Bc8 $1 21. Qb3 Be6 {Accuracy: White = 88%, Black = 93%.} 1/2-1/2

[Event "Portugal Open 2020"]
[Site "Lisbon"]
[Date "2020.01.30"]
[Round "7.4"]
[White "Alekseev, Evgeny"]
[Black "Haldorsen, Benjamin"]
[Result "1/2-1/2"]
[WhiteElo "2623"]
[BlackElo "2463"]
[Annotator "TA"]
[PlyCount "112"]
[EventDate "2020.01.25"]
[EventType "swiss"]
[EventCountry "POR"]
[SourceTitle "playchess.com"]
[Source "ChessBase"]
[SourceQuality "1"]

{[%evp 10,112,12,12,43,2,0,0,0,0,3,0,13,0,18,0,0,0,0,0,0,-8,-8,-10,-6,-14,-11,-56,-6,-29,29,16,22,19,21,15,22,15,14,7,20,16,18,0,0,0,0,0,0,0,0,0,8,8,8,0,3,6,5,8,33,34,34,34,34,34,34,34,35,34,27,27,27,27,97,97,97,97,97,97,97,97,98,36,36,34,41,34,34,34,34,34,36,0,0,0,0,0,0,0,0,0,0,0,29988]} 1. e4 c5 2. Nf3 Nc6 3. Bb5 e6 4. O-O Nge7 5. Re1 a6 6. Bf1 b6 {B30: Sicilian: 2...Nc6 3 Bb5, lines without ...g6} 7. b3 {[#]} d5 $146 ({Predecessor:} 7... Qc7 8. Bb2 Bb7 9. a4 O-O-O 10. Na3 Ng6 11. e5 Nf4 12. Nc4 h6 13. Nd6+ Bxd6 14. exd6 Qxd6 {½-½ (61) Gorlanov,V (2145)-Tkachev,G (2124) Rybinsk 2008}) 8. exd5 Nxd5 9. Bb2 Nf6 10. Na3 Be7 11. Nc4 O-O 12. g3 Bb7 13. Bg2 b5 14. Nfe5 Nxe5 15. Bxb7 Nxc4 16. bxc4 Ra7 $1 {[%cal Ra7b7]} 17. Bg2 Rd7 18. cxb5 axb5 19. d3 Nd5 (19... Qa5 $142) 20. a4 $11 bxa4 21. Rxa4 Bf6 22. Bxf6 Qxf6 23. Rc4 Rc8 24. Qb1 g6 25. Qb5 Rdc7 26. d4 {[%cal Rd4c5]} Qd8 27. Rxc5 Rxc5 28. dxc5 Qf8 29. c6 Qb4 $1 {[%cal Rb4b5]} 30. Qxb4 Nxb4 {[%mdl 4096] Endgame KRB-KRN} 31. Re4 Nxc6 32. Rc4 Ne7 33. Rxc8+ Nxc8 {KB-KN} 34. c4 Nd6 35. c5 Nb5 36. Kf1 Nd4 37. c6 {[#] Strongly threatening c7.} Nb5 38. Ke2 Kf8 39. Kd3 Ke7 40. Kc4 Nc7 41. Kc5 g5 (41... Kd8 $11 {keeps the balance.}) 42. Bf1 h6 43. Bc4 Ne8 44. Bd3 Nc7 45. Bc2 Ne8 46. Kb6 (46. Bd1 $16) 46... Kd6 $14 47. Kb7 Nc7 48. Bd3 f5 49. f3 Ne8 50. h3 Nc7 51. g4 f4 {The position is equal.} 52. Bg6 Nd5 53. Be4 {[#] Black must now prevent Bxd5.} Nc7 54. Bd3 Nd5 55. Be4 Nc7 56. Bd3 Ke5 $2 {[%mdl 40960] Accuracy: White = 92%, Black = 85%. . An unexpected result.} (56... Nd5 $11) 1/2-1/2

[Event "Portugal Open 2020"]
[Site "Lisbon"]
[Date "2020.01.30"]
[Round "7.5"]
[White "Ghazarian, Tigran"]
[Black "Ten Hertog, Hugo"]
[Result "1/2-1/2"]
[WhiteElo "1668"]
[BlackElo "2503"]
[Annotator "TA"]
[PlyCount "92"]
[EventDate "2020.01.25"]
[EventType "swiss"]
[EventCountry "POR"]
[SourceTitle "playchess.com"]
[Source "ChessBase"]
[SourceQuality "1"]

{[%evp 9,92,28,37,15,20,20,8,14,20,20,19,0,16,14,15,12,8,10,22,23,43,33,29,30,35,12,15,12,66,64,47,55,67,58,66,56,68,64,65,69,76,36,29,29,36,42,43,35,40,27,35,29,28,6,111,127,112,116,120,112,92,0,617,255,218,0,0,0,102,0,72,51,428,113,108,102,113,0,0,0,0,0,0,0,0]} 1. e4 g6 2. d4 Bg7 3. Nf3 d6 4. Bc4 Nf6 5. Qe2 Nc6 6. e5 {B06: Modern Defence} dxe5 7. dxe5 Ng4 {[%cal Rg4e5]} 8. Bb5 Bd7 {[%cal Rg4e5]} 9. Bf4 a6 {[#]} 10. Ba4 $146 {[#]} ({Predecessor:} 10. Bc4 Bf5 11. h3 Nd4 12. Bxf7+ Kf8 13. Nxd4 Qxd4 14. hxg4 Qxf4 15. gxf5 Qc1+ 16. Qd1 Qxb2 {0-1 (29) Smith,D (2047)-Tomazini,Z (2390) Reykjavik 2019}) 10... Nd4 $1 {[%mdl 512]} 11. Nxd4 {aiming for Bb3.} Bxa4 12. Nb3 Bxb3 13. axb3 Qd7 14. h3 Nh6 15. O-O $36 {[%mdl 2048] White fights for an advantage.} Nf5 16. Nc3 Nd4 17. Qe4 Nc6 18. Rfe1 Qe6 (18... Qf5 $11) 19. Rad1 O-O 20. Nd5 Rac8 21. Bg3 Rfd8 22. c3 Qf5 {Threatening ...Qxe4.} 23. Qc4 {Threatens to win with Qxc6!} Qe6 24. f4 Kf8 25. Bh4 Rd7 $1 26. Qe4 Rcd8 $1 {[%cal Rd7d5]} 27. c4 Nb4 $1 {[%cal Rb4d5]} 28. Bxe7+ $1 Rxe7 29. Nxb4 {[%mdl 64] Discovered Attack} Qb6+ 30. c5 $1 Qxc5+ 31. Kh2 (31. Kh1 $5 {[%cal Rd1d8]} Rxd1 32. Rxd1 $11) 31... Red7 (31... Rxd1 $11 32. Rxd1 c6) 32. Rxd7 $16 Rxd7 33. Qxb7 {Black must now prevent Qa8+.} Bh6 34. Qc8+ $1 {[%mdl 64] Double Attack} Ke7 35. Re4 ({Wrong is} 35. Nxa6 $2 Bxf4+ 36. Kh1 Qf2 $1 $19 {[%mdl 512]}) (35. e6 $1 $16 Bxf4+ 36. Kh1 fxe6 37. Qg8 $1 {[%mdl 512]}) 35... Rd8 $2 {[%mdl 8192]} (35... Qc1 $11 36. Kg3 Bxf4+ {[%mdl 64] Decoy} 37. Rxf4 Qe3+ {[%mdl 64] Double Attack} 38. Rf3 Qxe5+ {[%mdl 64] Double Attack} 39. Rf4 Qe3+ 40. Rf3 Qe5+ {[%mdl 64] Double Attack} 41. Rf4 Qe3+ 42. Rf3 Qe5+ {[%mdl 64] Double Attack}) 36. Qg4 (36. Qxa6 $142 Ke8 37. Nc6) 36... Ke8 $18 37. Qh4 $2 (37. Rc4 $18 Qf2 38. Nc6 (38. Nxa6 Rd7 $18)) 37... Rd1 $1 $11 {( -> ...Qg1+)} 38. Qg4 (38. Qxh6 $2 Qg1+ 39. Kg3 Rd2 $19) 38... Qg1+ 39. Kg3 {And now Qc8+ would win.} Bf8 (39... a5 $1 $11 {remains equal.} 40. Nc6 Rd3+ 41. Kh4 Kf8) 40. Nc6 $1 $16 {White wants to mate with Qc8+!} Rd7 $2 {[%mdl 8192] [#]} (40... Rd3+ $14 41. Kh4 Be7+ 42. Nxe7 Kxe7) 41. Qe2 $2 (41. Rd4 $1 $18 {[%csl Gd4][%cal Rg4d7][%mdl 512]} Qe3+ (41... Rxd4 42. Qc8+) 42. Kh2 Qxd4 43. Nxd4 Rxd4 44. Qc8+ {[%mdl 64] Double Attack} Rd8 45. Qxc7) 41... Bc5 42. e6 $1 {[%cal Re6d7]} Rd3+ 43. Qxd3 (43. Kh4 $1 $16 Re3 44. exf7+ Kxf7 45. Ne5+ Kf8 46. Nd7+ Kg7 47. Rxe3 Qxe3 48. Qxe3 Bxe3 49. Kg4) 43... Qf2+ $11 {[%mdl 64] Double Attack. The position is equal.} 44. Kh2 $1 {[%csl Gc6][%cal Rd3d8]} (44. Kg4 $2 Qxg2+ 45. Qg3 f5+ 46. Kh4 Bf2 $1 $19 {[%mdl 512]}) 44... Qg1+ 45. Kg3 {[%csl Gc6][%cal Rd3d8]} Qf2+ {[%mdl 64] Double Attack} 46. Kh2 $1 {[%csl Gc6][%cal Rd3d8]} ({But not} 46. Kg4 $2 Qxg2+ 47. Qg3 f5+ {[%mdl 64] Double Attack} 48. Kh4 {[#]} Bf2 $1 $19 {[%mdl 576] Pin}) 46... Qg1+ {Accuracy: White = 74%, Black = 79%.} 1/2-1/2

[Event "Portugal Open 2020"]
[Site "Lisbon"]
[Date "2020.01.30"]
[Round "7.6"]
[White "Campora, Daniel H."]
[Black "Iturrizaga Bonelli, Eduardo"]
[Result "0-1"]
[WhiteElo "2420"]
[BlackElo "2597"]
[Annotator "TA"]
[PlyCount "74"]
[EventDate "2020.01.25"]
[EventType "swiss"]
[EventCountry "POR"]
[SourceTitle "playchess.com"]
[Source "ChessBase"]
[SourceQuality "1"]

{[%evp 13,74,18,43,18,21,23,33,27,41,10,35,14,25,0,0,0,2,0,9,0,0,0,0,0,0,0,0,0,0,0,0,0,0,0,0,0,0,-85,-74,-76,-74,-163,-139,-162,-158,-140,-116,-473,-123,-529,-520,-504,-478,-552,-547,-575,-575,-544,-521,-619,-633,-601,-589]} 1. e4 c5 2. Nf3 e6 3. d4 cxd4 4. Nxd4 Nc6 5. Nc3 Qc7 6. g3 a6 7. Bg2 h5 8. O-O {B47: Sicilian: Taimanov: 5 Nc3 Qc7 6 f4, 6 g3 and 6 Be2} h4 9. Re1 hxg3 10. hxg3 {White is slightly better.} Ne5 11. a4 (11. f4 $5 {[%cal Rf4e5]} Nc4 12. Qd3 $14) 11... Bc5 {[#]} 12. Nb3 $146 ({Predecessor:} 12. Bf4 d6 13. Nb3 Ba7 14. Be3 Bxe3 15. Rxe3 Nf6 16. Ne2 Qe7 17. Rc3 O-O 18. Qd2 {0-1 (30) Davletbayeva,M (2295)-Lei,T (2495) Abu Dhabi 2016}) 12... Ba7 13. Be3 Bxe3 14. Rxe3 Nf6 15. Qd4 d6 $132 {[%mdl 2048] Black has counterplay} 16. a5 Nc4 {Hoping for ...e5.} 17. Ree1 Bd7 18. Nd2 Nxa5 19. Qb4 Nc6 {[%cal Ba5c6,Bc6e5,Be5g4,Bg4f2][%mdl 32] [#]} 20. Nb5 $1 {[%cal Rb5c7][%mdl 512]} axb5 {[%cal Ba6b5,Bb5b4][%mdl 32]} 21. Rxa8+ Ke7 22. Qa3 b4 $1 {[%cal Rb4a3]} 23. Qa1 Rxa8 24. Qxa8 Ne5 25. Qa1 {[#]} (25. Nf3 $1 $11) 25... Nfg4 $1 $17 26. Bh3 {[#]} Qc5 $1 {[%mdl 512]} 27. Bxg4 (27. Re2 $17) 27... Nxg4 $19 28. Rf1 Bb5 ({Stronger than} 28... Qxc2 29. Qd1 $14) 29. Qd1 Qh5 {[%csl Gg4][%cal Rh5h2]} 30. Kg2 $2 {[%mdl 8192] [#]} (30. Nf3 $17 {was the crucial defense.} Bxf1 31. Qxf1) 30... Bxf1+ $2 (30... Qh2+ $1 $19 {is more deadly.} 31. Kf3 f5 32. exf5 exf5) 31. Nxf1 $4 {[%mdl 8192] [#]} (31. Qxf1 $17 Qh2+ 32. Kf3) 31... Qh1+ $1 {[%mdl 576] Deflection, Decoy. Black is clearly winning.} 32. Kxh1 Nxf2+ {[%mdl 64] Double Attack} 33. Kg2 Nxd1 34. b3 e5 35. Kf3 Ke6 36. Ke2 Nc3+ 37. Kd3 b5 {Accuracy: White = 61%, Black = 89%.} 0-1

[Event "Portugal Open 2020"]
[Site "Lisbon"]
[Date "2020.01.30"]
[Round "7.7"]
[White "Spraggett, Kevin"]
[Black "Goluch, Piotr"]
[Result "0-1"]
[WhiteElo "2501"]
[BlackElo "2413"]
[Annotator "TA"]
[PlyCount "125"]
[EventDate "2020.01.25"]
[EventType "swiss"]
[EventCountry "POR"]
[SourceTitle "playchess.com"]
[Source "ChessBase"]
[SourceQuality "1"]

{[%evp 9,125,-1,14,13,23,0,0,0,0,8,28,-17,18,14,33,36,52,45,44,27,39,7,12,0,0,4,7,0,0,0,20,0,3,6,0,0,10,19,14,0,0,0,14,0,17,11,18,20,7,2,15,12,47,0,0,0,0,0,0,0,0,0,52,58,37,58,71,0,40,14,14,14,15,14,14,0,23,8,9,9,26,26,26,26,27,26,31,15,15,15,26,26,27,16,20,13,34,34,26,34,59,43,59,16,19,0,0,-209,-209,-209,-187,-1435,-1413,-1413,-1259,-1118,-1077,-1077]} 1. d4 Nf6 2. c4 e6 3. Nf3 b6 4. Bf4 Bb7 5. e3 d5 6. Nc3 {E12: Queen's Indian: Unusual White 4th moves, 4 a3, 4 Nc3 Bb7 5 a3 and 4 Nc3 Bb7} Bd6 7. Bg3 O-O 8. Rc1 {The position is equal.} Nbd7 {[#]} 9. cxd5 $146 ({Predecessor:} 9. a3 a6 10. cxd5 Nxd5 11. Bd3 N7f6 12. Ne2 Ne7 13. Nf4 Ng6 14. Nxg6 hxg6 15. Qe2 {½-½ (93) Stocek,J (2551)-Buckels,V (2179) Hoogeveen 2014}) 9... Nxd5 10. Bd3 N7f6 11. Nxd5 Nxd5 12. O-O f5 13. Qe2 Qe8 14. Bb5 Qh5 {Black wants to play ...f4.} 15. Bxd6 (15. Be5 {with more complications.} g5 16. h3 Rf7 17. Bh2 Rg7 18. Ne5) 15... cxd6 16. Bc6 Bxc6 17. Rxc6 Rfd8 18. Rfc1 h6 19. a3 a6 20. g3 Qg4 21. Kg2 Qe4 22. Qc2 {aiming for Qxe4.} (22. Qd1 {keeps more tension.} b5 23. h3 Ne7 24. Rc7 Kf8 25. Kh2) 22... Qxc2 23. R1xc2 b5 24. Rc1 Kf7 25. Nd2 Ne7 26. Rb6 Rd7 27. e4 Nc8 28. Rbc6 Ne7 29. R6c2 fxe4 30. Nxe4 Raa7 31. f4 Nf5 {...Ne3+ is the strong threat.} 32. Rd2 Rdc7 33. Re1 d5 $1 {[%cal Rd5e4]} 34. Nc5 Nxd4 $1 35. b4 Rxc5 ({Black should try} 35... Nf5 $11) 36. bxc5 $11 {[%mdl 4096] Endgame KRR-KRN} Nb3 $1 {[%cal Rb3d2]} 37. Rc2 Kf6 38. a4 (38. g4 $16) 38... Nd4 39. Rd2 Nb3 40. Ra2 {[#] Hoping for axb5.} bxa4 41. Rxa4 Nxc5 42. Ra5 Ne4 43. Rc1 Rb7 44. Rc2 Rb6 45. Rca2 g5 46. Rxa6 Rb3 47. R6a3 Rb4 48. Rf3 g4 49. Re3 Kf5 50. Ree2 Kf6 51. Ra6 h5 52. Ra8 Rb6 53. Rh8 Kg6 54. Rd8 Rb1 55. Rc2 Nf6 56. Rd6 Kf5 57. Ra6 h4 58. Re2 $2 (58. Ra8 $11 {and White is okay.}) 58... h3+ $19 {[%mdl 1024] Black has strong compensation.} 59. Kf2 {[#] Strongly threatening Re5+.} Ne4+ 60. Ke3 $2 (60. Rxe4 dxe4 61. Ra5+ Kf6 62. Ra2) 60... Rb3+ {Black is clearly winning.} 61. Kd4 Rb4+ 62. Ke3 d4+ 63. Kd3 {Accuracy: White = 79%, Black = 90%.} 0-1